[Event "New York State-ch 138th"]
[Site "Colonie"]
[Date "2016.09.03"]
[Round "1"]
[White "Solomon, Nat"]
[Black "Femia, John G"]
[Result "0-1"]
[WhiteElo "876"]
[BlackElo "1147"]
[PlyCount "61"]
[EventDate "2016.09.02"]
[EventType "swiss"]
[EventRounds "6"]
[EventCountry "USA"]
[SourceTitle "CBM 174 Extra"]
[Source "ChessBase"]
[SourceDate "2016.10.10"]
[SourceVersion "1"]
[SourceVersionDate "2016.10.10"]
[SourceQuality "1"]

1. e4 e5 2. Nf3 d6 3. Bc4 Bg4 4. h3 Bxf3 5. Qxf3 Qf6 6. Qb3 b6 7. Bb5+ Nd7 8. Bc6 Rd8 9. Nc3 Ne7 10. Qb5 g6 11. 0-0 Bh6 12. d3 Bxc1 13. Raxc1 Qe6 14. Nd5 Nxd5 15. exd5 Qe7 16. Rfe1 0-0 17. Re4 f5 18. Re3 f4 19. Re4 Nc5 20. Ree1 a6 21. Qc4 Qg7 22. b4 b5 23. Qc3 Na4 24. Qb3 f3 25. g3 h5 26. h4 g5 27. Re4 gxh4 28. Rxh4 Rf5 29. Re1 Rg5 30. Kh2 Qg6 31. Re3 0-1